Missing Word: Kanye West Quiz Stats

 Plays Quiz Updated Jun 2, 2013

Support Sporcle.
Go Orange.
Score 0/16 Timer 02:00
1 Play Today
Track Missing Word % Correct
____ DiggerGold
98.6%
Diamonds from ____ LeoneSierra
90.2%
Can't ____ Me NothingTell
89.4%
All of the ____Lights
87.9%
Jesus ____Walks
86.8%
____ FantasyDark
81.1%
Devil in a New ____Dress
78.6%
All ____ DownFalls
74.2%
Track Missing Word % Correct
Through the ____Wire
74.1%
No ____ in the WildChurch
73.3%
____ the SkyTouch
72.6%
____ LightsFlashing
69.4%
Lost in the ____World
66.5%
New ____Slaves
61.2%
____ LifeGood
61.1%
Love ____Lockdown
55.3%

Today's Daily Dose

Missing Word
'80s Musicals

Word Ladder
Hereditary

Get the Picture
Food Names

From the Vault

Eight-Letter Words in Movie Titles

by aduchscher

Movies 3m
Sometimes directors just wanna add extra syllables to their movies.
Remove Ads.
Support Sporcle.
Get the best of Sporcle when you Go Orange. This ad-free experience offers more features, more stats, and more fun while also helping to support Sporcle. Thank you for becoming a member.

Show Comments

Extras

Top Quizzes Today


Score Distribution

Your Account Isn't Verified!

In order to create a playlist on Sporcle, you need to verify the email address you used during registration. Go to your Sporcle Settings to finish the process.

Report this User

Report this user for behavior that violates our Community Guidelines.

Details: